<?xml version="1.0" encoding="UTF-8"?>
<marc:record xmlns:marc="http://www.loc.gov/MARC21/slim">
   <marc:leader>00000nam a2200000 a 4500</marc:leader>
   <marc:datafield ind1="1" ind2=" " tag="100">
      <marc:subfield code="a">Grill, Petra</marc:subfield>
      <marc:subfield code="4">aut</marc:subfield>
      <marc:subfield code="e">Verfasser/-in</marc:subfield>
   </marc:datafield>
   <marc:datafield ind1=" " ind2=" " tag="653">
      <marc:subfield code="a">Fiktionale Darstellung</marc:subfield>
   </marc:datafield>
   <marc:datafield ind1=" " ind2=" " tag="653">
      <marc:subfield code="a">Erzählende Literatur</marc:subfield>
   </marc:datafield>
   <marc:datafield ind1=" " ind2=" " tag="653">
      <marc:subfield code="a">Historische Romane und Erzählungen</marc:subfield>
   </marc:datafield>
   <marc:datafield ind1="0" ind2="0" tag="245">
      <marc:subfield code="a">Die Mondtänzerin</marc:subfield>
   </marc:datafield>
   <marc:datafield ind1="0" ind2="0" tag="245">
      <marc:subfield code="b">Roman</marc:subfield>
   </marc:datafield>
   <marc:datafield ind1="0" ind2="0" tag="245">
      <marc:subfield code="c">Grill, Petra</marc:subfield>
   </marc:datafield>
   <marc:datafield ind1=" " ind2="1" tag="264">
      <marc:subfield code="a">München</marc:subfield>
      <marc:subfield code="b">Wilhelm Heyne Verlag</marc:subfield>
   </marc:datafield>
   <marc:datafield ind1=" " ind2=" " tag="250">
      <marc:subfield code="a">Originalausgabe</marc:subfield>
   </marc:datafield>
   <marc:datafield ind1="1" ind2=" " tag="520">
      <marc:subfield code="a">Die bewegende Geschichte einer Gemeinschaft von Außenseitern und des legendären Zirkus Krone&#xD;
&#xD;
Januar 1887: In einer eiskalten Winternacht kommt in einem notdürftig mit Stroh gepolsterten Eisenbahnwaggon Pipa zur Welt. Ihr Status als Findelkind spielt keine Rolle in der ungewöhnlichen Familie, die sich ihrer annimmt: Die bärtige Jungfrau Rosalia und der sanfte Gewichtheber Antonio ziehen sie groß wie ihre eigene Tochter. Sie alle sind Teil der »Menagerie Continental«, die sich auf dem Weg befindet, der große Zirkus Krone zu werden. Und Pipa wird ihr Star sein: Als gefeierte Artistin wird sie sich in schwindelnden Höhen vor jubelnden Menschenmengen durch die Lüfte schwingen. Dabei hört die Frage nach ihrer wahren Herkunft nie auf, an ihr zu nagen. Endlich zu Hause fühlt sie sich bei Henry, ihrer großen Liebe. Doch die Schrecken des Zweiten Weltkriegs reißen die beiden auseinander und drohen auch den Zirkus für immer zu zerstören.</marc:subfield>
   </marc:datafield>
   <marc:datafield ind1=" " ind2=" " tag="020">
      <marc:subfield code="a">9783453427310</marc:subfield>
      <marc:subfield code="9">9783453427310</marc:subfield>
   </marc:datafield>
   <marc:datafield ind1=" " ind2=" " tag="020">
      <marc:subfield code="a">3453427319</marc:subfield>
      <marc:subfield code="9">3453427319</marc:subfield>
   </marc:datafield>
   <marc:datafield ind1=" " ind2=" " tag="041">
      <marc:subfield code="a">ger</marc:subfield>
   </marc:datafield>
   <marc:datafield ind1=" " ind2=" " tag="338">
      <marc:subfield code="a">Band</marc:subfield>
   </marc:datafield>
   <marc:datafield ind1=" " ind2=" " tag="300">
      <marc:subfield code="a">447 Seiten</marc:subfield>
   </marc:datafield>
</marc:record>
